American Pie by Don McLean (All 868 Lyrics!) - Statistics

General Stats
  • This quiz has been taken 15,468 times
  • The average score is 669 of 868
Answer Stats
Verse/Chorus Lyric % Correct
Verse/Chorus 1 | Verse/Chorus 3 | Verse/Chorus 5 A
100%
Verse/Chorus 1 | Verse/Chorus 2 | Verse/Chorus 3 | +3 others a
100%
Verse/Chorus 1 | Verse/Chorus 2 | Verse/Chorus 3 | +3 others American
98%
Verse/Chorus 1 | Verse/Chorus 2 | Verse/Chorus 3 | +3 others I
98%
Verse/Chorus 1 | Verse/Chorus 2 | Verse/Chorus 3 | +3 others the
98%
Verse/Chorus 1 | Verse/Chorus 2 | Verse/Chorus 3 | +3 others The
98%
Verse/Chorus 1 | Verse/Chorus 2 | Verse/Chorus 3 | +3 others Pie
97%
Verse/Chorus 1 | Verse/Chorus 2 | Verse/Chorus 3 | +3 others to
97%
Verse/Chorus 5 To
97%
Verse/Chorus 1 | Verse/Chorus 2 | Verse/Chorus 3 | +2 others And
95%
Verse/Chorus 1 | Verse/Chorus 2 | Verse/Chorus 3 | +3 others and
95%
Verse/Chorus 1 | Verse/Chorus 2 | Verse/Chorus 3 | +3 others Miss
95%
Verse/Chorus 1 | Verse/Chorus 2 | Verse/Chorus 3 | +3 others be
94%
Verse/Chorus 1 | Verse/Chorus 2 | Verse/Chorus 3 | +3 others day
94%
Verse/Chorus 1 | Verse/Chorus 2 | Verse/Chorus 3 | +3 others die
94%
Verse/Chorus 1 | Verse/Chorus 2 | Verse/Chorus 3 me
94%
Verse/Chorus 1 | Verse/Chorus 2 | Verse/Chorus 3 | +3 others my
94%
Verse/Chorus 5 My
94%
Verse/Chorus 1 | Verse/Chorus 2 | Verse/Chorus 3 | +3 others that
94%
Verse/Chorus 1 That
94%
Verse/Chorus 1 | Verse/Chorus 2 | Verse/Chorus 3 | +3 others was
94%
Verse/Chorus 1 | Verse/Chorus 2 | Verse/Chorus 3 | Verse/Chorus 6 But
93%
Verse/Chorus 1 | Verse/Chorus 2 | Verse/Chorus 3 | +3 others but
93%
Verse/Chorus 1 | Verse/Chorus 2 | Verse/Chorus 3 | +3 others bye,
93%
Verse/Chorus 1 | Verse/Chorus 2 | Verse/Chorus 3 | +3 others dry
93%
Verse/Chorus 1 | Verse/Chorus 2 | Verse/Chorus 3 | +3 others Chevy
92%
Verse/Chorus 3 | Verse/Chorus 4 | Verse/Chorus 5 we
91%
Verse/Chorus 3 | Verse/Chorus 4 We
91%
Verse/Chorus 1 | Verse/Chorus 2 | Verse/Chorus 3 | +3 others Drove
90%
Verse/Chorus 1 | Verse/Chorus 2 | Verse/Chorus 3 | +3 others good
90%
Verse/Chorus 1 | Verse/Chorus 2 | Verse/Chorus 3 | +3 others ol'
90%
Verse/Chorus 1 | Verse/Chorus 2 | Verse/Chorus 3 | +3 others Singin',
90%
Verse/Chorus 2 | Verse/Chorus 3 | Verse/Chorus 4 | +2 others singin',
90%
Verse/Chorus 1 | Verse/Chorus 2 | Verse/Chorus 3 | +3 others drinkin'
89%
Verse/Chorus 6 Where
89%
Verse/Chorus 1 | Verse/Chorus 2 | Verse/Chorus 3 | +3 others boys
88%
Verse/Chorus 1 | Verse/Chorus 2 | Verse/Chorus 3 | +3 others music
88%
Verse/Chorus 2 'n'
88%
Verse/Chorus 1 | Verse/Chorus 2 | Verse/Chorus 3 | +3 others whiskey
88%
Verse/Chorus 1 | Verse/Chorus 2 | Verse/Chorus 3 | +3 others were
87%
Verse/Chorus 1 | Verse/Chorus 5 So,
86%
Verse/Chorus 2 so?
86%
Verse/Chorus 1 | Verse/Chorus 5 time
86%
Verse/Chorus 1 | Verse/Chorus 2 can
85%
Verse/Chorus 2 Can
85%
Verse/Chorus 1 | Verse/Chorus 2 | Verse/Chorus 3 | +3 others rye
85%
Verse/Chorus 1 ago
84%
Verse/Chorus 1 long,
84%
Verse/Chorus 1 long
84%
Verse/Chorus 2 | Verse/Chorus 3 | Verse/Chorus 4 you
84%
Verse/Chorus 2 You
84%
Verse/Chorus 1 | Verse/Chorus 2 | Verse/Chorus 3 | +2 others died
83%
Verse/Chorus 4 died?
83%
Verse/Chorus 2 | Verse/Chorus 3 | Verse/Chorus 4 | +2 others in
83%
Verse/Chorus 3 In
83%
Verse/Chorus 1 | Verse/Chorus 3 When
83%
Verse/Chorus 2 do
82%
Verse/Chorus 4 Do
82%
Verse/Chorus 3 he
82%
Verse/Chorus 5 He
82%
Verse/Chorus 1 | Verse/Chorus 2 | Verse/Chorus 3 | +3 others levee,
82%
Verse/Chorus 1 | Verse/Chorus 2 | Verse/Chorus 3 | +3 others levee
82%
Verse/Chorus 1 remember
82%
Verse/Chorus 6 They
80%
Verse/Chorus 6 they
80%
Verse/Chorus 1 | Verse/Chorus 2 | Verse/Chorus 3 how
79%
Verse/Chorus 1 | Verse/Chorus 3 | Verse/Chorus 4 | Verse/Chorus 5 on
79%
Verse/Chorus 5 on,
79%
Verse/Chorus 1 still
79%
Verse/Chorus 1 | Verse/Chorus 2 | Verse/Chorus 3 | +3 others This'll
78%
Verse/Chorus 1 | Verse/Chorus 3 | Verse/Chorus 4 | Verse/Chorus 6 for
77%
Verse/Chorus 2 love
77%
Verse/Chorus 2 | Verse/Chorus 5 of
77%
Verse/Chorus 1 could
75%
Verse/Chorus 5 Could
75%
Verse/Chorus 1 | Verse/Chorus 6 them
75%
Verse/Chorus 2 | Verse/Chorus 3 | Verse/Chorus 4 | +2 others Them
75%
Verse/Chorus 1 | Verse/Chorus 2 | Verse/Chorus 4 dance
74%
Verse/Chorus 1 if
74%
Verse/Chorus 2 If
74%
Verse/Chorus 1 make
74%
Verse/Chorus 1 | Verse/Chorus 2 those
74%
Verse/Chorus 1 | Verse/Chorus 2 | Verse/Chorus 4 | Verse/Chorus 5 With
74%
Verse/Chorus 2 | Verse/Chorus 4 | Verse/Chorus 5 with
74%
Verse/Chorus 2 your
74%
Verse/Chorus 1 Used
72%
Verse/Chorus 3 used
72%
Verse/Chorus 1 | Verse/Chorus 3 his
71%
Verse/Chorus 3 | Verse/Chorus 5 No
71%
Verse/Chorus 5 no
71%
Verse/Chorus 1 | Verse/Chorus 2 knew
70%
Verse/Chorus 1 smile
70%
Verse/Chorus 6 who
70%
Verse/Chorus 2 know
69%
Verse/Chorus 2 roll
69%
Verse/Chorus 1 | Verse/Chorus 3 while
69%
Verse/Chorus 4 While
69%
Verse/Chorus 2 | Verse/Chorus 3 book
68%
Verse/Chorus 1 had
68%
Verse/Chorus 2 | Verse/Chorus 5 him
68%
Verse/Chorus 1 | Verse/Chorus 5 one
68%
Verse/Chorus 2 rock
68%
Verse/Chorus 2 | Verse/Chorus 5 saw
68%
Verse/Chorus 6 she
68%
Verse/Chorus 6 some
68%
Verse/Chorus 2 God
67%
Verse/Chorus 1 | Verse/Chorus 6 happy
67%
Verse/Chorus 1 people
67%
Verse/Chorus 2 soul
67%
Verse/Chorus 2 above
66%
Verse/Chorus 1 cried
66%
Verse/Chorus 6 cried,
66%
Verse/Chorus 2 have
66%
Verse/Chorus 1 made
66%
Verse/Chorus 6 men
66%
Verse/Chorus 1 | Verse/Chorus 3 read
66%
Verse/Chorus 1 | Verse/Chorus 4 take
66%
Verse/Chorus 2 believe
65%
Verse/Chorus 2 | Verse/Chorus 6 blues
65%
Verse/Chorus 1 can't
65%
Verse/Chorus 1 | Verse/Chorus 4 chance
65%
Verse/Chorus 1 | Verse/Chorus 6 news
65%
Verse/Chorus 1 about
64%
Verse/Chorus 2 dancin'
64%
Verse/Chorus 2 Did
64%
Verse/Chorus 2 real
64%
Verse/Chorus 2 teach
64%
Verse/Chorus 1 bride
63%
Verse/Chorus 1 every
63%
Verse/Chorus 2 gym
63%
Verse/Chorus 3 it
63%
Verse/Chorus 4 It
63%
Verse/Chorus 1 more
63%
Verse/Chorus 2 | Verse/Chorus 4 off
63%
Verse/Chorus 2 slow?
63%
Verse/Chorus 2 you're
63%
Verse/Chorus 1 | Verse/Chorus 6 I'd
62%
Verse/Chorus 2 out
62%
Verse/Chorus 2 save
62%
Verse/Chorus 1 shiver
62%
Verse/Chorus 2 shoes
62%
Verse/Chorus 1 widowed
62%
Verse/Chorus 1 Bad
61%
Verse/Chorus 1 couldn't
61%
Verse/Chorus 1 deliver
61%
Verse/Chorus 2 faith
61%
Verse/Chorus 1 maybe
61%
Verse/Chorus 1 paper
61%
Verse/Chorus 2 | Verse/Chorus 4 | Verse/Chorus 5 'Cause
60%
Verse/Chorus 1 February
60%
Verse/Chorus 2 Man,
60%
Verse/Chorus 6 man
60%
Verse/Chorus 2 mortal
60%
Verse/Chorus 6 play
60%
Verse/Chorus 3 | Verse/Chorus 6 sang
60%
Verse/Chorus 5 start
60%
Verse/Chorus 1 step
60%
Verse/Chorus 4 | Verse/Chorus 5 | Verse/Chorus 6 all
59%
Verse/Chorus 2 Bible
59%
Verse/Chorus 1 doorstep
59%
Verse/Chorus 6 her
59%
Verse/Chorus 1 inside
59%
Verse/Chorus 2 rhythm
59%
Verse/Chorus 2 tells
59%
Verse/Chorus 2 truck
59%
Verse/Chorus 2 both
58%
Verse/Chorus 1 deep
58%
Verse/Chorus 3 | Verse/Chorus 6 down
58%
Verse/Chorus 3 fat
58%
Verse/Chorus 3 from
58%
Verse/Chorus 3 | Verse/Chorus 4 jester
58%
Verse/Chorus 3 king
58%
Verse/Chorus 2 luck
58%
Verse/Chorus 2 pickup
58%
Verse/Chorus 1 Something
58%
Verse/Chorus 1 they'd
58%
Verse/Chorus 2 write
58%
Verse/Chorus 2 kicked
57%
Verse/Chorus 1 touched
57%
Verse/Chorus 5 as
56%
Verse/Chorus 3 | Verse/Chorus 6 not
56%
Verse/Chorus 2 teenage
56%
Verse/Chorus 2 dig
55%
Verse/Chorus 6 heard
55%
Verse/Chorus 2 pink
55%
Verse/Chorus 3 queen
55%
Verse/Chorus 2 | Verse/Chorus 4 started
55%
Verse/Chorus 3 | Verse/Chorus 6 years
55%
Verse/Chorus 2 carnation
54%
Verse/Chorus 3 crown
54%
Verse/Chorus 3 Dean
54%
Verse/Chorus 3 James
53%
Verse/Chorus 6 Son
53%
Verse/Chorus 4 what
53%
Verse/Chorus 6 girl
52%
Verse/Chorus 5 is
52%
Verse/Chorus 6 last
52%
Verse/Chorus 3 our
52%
Verse/Chorus 3 stole
52%
Verse/Chorus 5 | Verse/Chorus 6 there
52%
Verse/Chorus 2 buck
51%
Verse/Chorus 2 lonely
51%
Verse/Chorus 6 met
51%
Verse/Chorus 3 | Verse/Chorus 4 | Verse/Chorus 5 Oh,
51%
Verse/Chorus 6 said
51%
Verse/Chorus 3 borrowed
50%
Verse/Chorus 3 came
50%
Verse/Chorus 6 Holy
50%
Verse/Chorus 3 looking
50%
Verse/Chorus 2 Well,
50%
Verse/Chorus 3 dark
49%
Verse/Chorus 6 Father,
49%
Verse/Chorus 6 Ghost
49%
Verse/Chorus 6 just
49%
Verse/Chorus 2 | Verse/Chorus 3 | Verse/Chorus 4 Now,
49%
Verse/Chorus 3 ten
49%
Verse/Chorus 3 thorny
49%
Verse/Chorus 3 coat
48%
Verse/Chorus 4 got
48%
Verse/Chorus 3 rollin'
48%
Verse/Chorus 3 stone
48%
Verse/Chorus 4 band
47%
Verse/Chorus 3 been
47%
Verse/Chorus 3 courtroom
47%
Verse/Chorus 3 returned
47%
Verse/Chorus 4 up
47%
Verse/Chorus 6 asked
46%
Verse/Chorus 6 before
46%
Verse/Chorus 5 Jack
46%
Verse/Chorus 3 Marx
46%
Verse/Chorus 3 own
46%
Verse/Chorus 5 sat
46%
Verse/Chorus 3 that's
46%
Verse/Chorus 6 went
46%
Verse/Chorus 3 adjourned
45%
Verse/Chorus 6 away
45%
Verse/Chorus 4 marching
45%
Verse/Chorus 4 never
45%
Verse/Chorus 3 park
45%
Verse/Chorus 5 quick
45%
Verse/Chorus 3 verdict
45%
Verse/Chorus 6 wouldn't
45%
Verse/Chorus 6 most
44%
Verse/Chorus 5 nimble,
44%
Verse/Chorus 6 three
44%
Verse/Chorus 6 coast
43%
Verse/Chorus 5 left
43%
Verse/Chorus 3 Lennin
43%
Verse/Chorus 5 lost
43%
Verse/Chorus 3 moss
43%
Verse/Chorus 5 place
43%
Verse/Chorus 6 smiled
43%
Verse/Chorus 3 voice
43%
Verse/Chorus 3 we've
43%
Verse/Chorus 6 admire
42%
Verse/Chorus 3 grows
42%
Verse/Chorus 4 recall
42%
Verse/Chorus 6 train
42%
Verse/Chorus 6 turned
42%
Verse/Chorus 6 broken
41%
Verse/Chorus 5 candlestick
41%
Verse/Chorus 4 field
41%
Verse/Chorus 5 only
41%
Verse/Chorus 4 played
41%
Verse/Chorus 4 refused
41%
Verse/Chorus 5 space
41%
Verse/Chorus 4 tried
41%
Verse/Chorus 4 yield
41%
Verse/Chorus 5 again
40%
Verse/Chorus 5 friend
40%
Verse/Chorus 4 Helter
40%
Verse/Chorus 6 store
40%
Verse/Chorus 4 summer
40%
Verse/Chorus 6 church
39%
Verse/Chorus 5 come
39%
Verse/Chorus 5 fire
39%
Verse/Chorus 5 generation
39%
Verse/Chorus 4 | Verse/Chorus 5 high
39%
Verse/Chorus 4 players
39%
Verse/Chorus 4 skelter
39%
Verse/Chorus 4 tune
39%
Verse/Chorus 6 children
38%
Verse/Chorus 5 Devil's
38%
Verse/Chorus 4 pass
38%
Verse/Chorus 6 word
38%
Verse/Chorus 6 bells
37%
Verse/Chorus 5 Hell
37%
Verse/Chorus 5 night
37%
Verse/Chorus 6 poets
37%
Verse/Chorus 3 practiced
37%
Verse/Chorus 5 Satan
37%
Verse/Chorus 4 forward
36%
Verse/Chorus 4 shelter
36%
Verse/Chorus 6 spoken
36%
Verse/Chorus 4 swelter
36%
Verse/Chorus 5 angel
35%
Verse/Chorus 5 break
35%
Verse/Chorus 4 cast
35%
Verse/Chorus 3 dirges
35%
Verse/Chorus 5 hands
35%
Verse/Chorus 5 rage
35%
Verse/Chorus 4 sidelines
35%
Verse/Chorus 5 spell
35%
Verse/Chorus 5 born
34%
Verse/Chorus 2 broncin'
34%
Verse/Chorus 6 caught
34%
Verse/Chorus 6 dreamed
34%
Verse/Chorus 4 fallout
34%
Verse/Chorus 4 fast
34%
Verse/Chorus 5 fists
34%
Verse/Chorus 5 Flash
34%
Verse/Chorus 6 sacred
34%
Verse/Chorus 6 streets
34%
Verse/Chorus 4 birds
33%
Verse/Chorus 5 delight
33%
Verse/Chorus 4 Eight
33%
Verse/Chorus 4 flew
33%
Verse/Chorus 5 laughing
33%
Verse/Chorus 6 lovers
33%
Verse/Chorus 4 miles
33%
Verse/Chorus 4 revealed
33%
Verse/Chorus 4 sweet
33%
Verse/Chorus 5 clenched
32%
Verse/Chorus 4 falling
32%
Verse/Chorus 4 perfume
32%
Verse/Chorus 3 quartet
32%
Verse/Chorus 6 screamed
32%
Verse/Chorus 5 stage
32%
Verse/Chorus 5 into
31%
Verse/Chorus 5 watched
30%
Verse/Chorus 4 air
29%
Verse/Chorus 4 grass
29%
Verse/Chorus 4 halftime
29%
Verse/Chorus 5 light
29%
Verse/Chorus 5 sacrificial
28%
Verse/Chorus 5 flames
25%
Verse/Chorus 4 landed
25%
Verse/Chorus 5 rite
23%
Verse/Chorus 5 climbed
22%
Verse/Chorus 4 sergeants
21%
Verse/Chorus 4 foul
19%
No matching quizzes found
Score Distribution
Percent of People with Each Score
Percentile by Number Answered
Your Score History
You have not taken this quiz